Gua̕ - Laboratorio de optimizacin̤
​A continuacin̤ se presenta la prc̀tica de Optimizacin̤. En esta se presentar ̀el caso de una empresa manufacturera. Se conocer ̀y aplicar ̀la metodologa̕ Simplex, con el fin de resolver los problemas de minimizacin̤ o maximizacin̤, planteados en los procesos de produccin̤ y distribucin̤ d...
Uloženo v:
| Další autoři: | |
|---|---|
| Médium: | Kniha |
| Jazyk: | španělština |
| Témata: | |
| On-line přístup: | Gua̕ - Laboratorio de optimizacin̤ |
| Tagy: |
Přidat tag
Žádné tagy, Buďte první, kdo vytvoří štítek k tomuto záznamu!
|
MARC
| LEADER | 00000nam a22000004a 4500 | ||
|---|---|---|---|
| 001 | vpro24357 | ||
| 005 | 20201223000000.0 | ||
| 008 | 201125s2020 ck # g## #001 0#spa#d | ||
| 020 | |||
| 022 | |||
| 040 | |a CO-BoINGC | ||
| 041 | 0 | |a spa | |
| 245 | 1 | 0 | |a Gua̕ - Laboratorio de optimizacin̤ |
| 246 | |a Optimization laboratory | ||
| 264 | |a Bogot ̀(Colombia) : |b Revista VirtualPRO, |c 2020 | ||
| 520 | 3 | |a ​A continuacin̤ se presenta la prc̀tica de Optimizacin̤. En esta se presentar ̀el caso de una empresa manufacturera. Se conocer ̀y aplicar ̀la metodologa̕ Simplex, con el fin de resolver los problemas de minimizacin̤ o maximizacin̤, planteados en los procesos de produccin̤ y distribucin̤ de la empresa.​ | |
| 650 | \ | \ | |
| 650 | \ | \ | |
| 650 | \ | \ | |a Optimizacin̤ |
| 650 | \ | \ | |a Proceso de produccin̤ |
| 650 | \ | \ | |a Funcin̤ objetivo |
| 650 | \ | \ | |a Toma de decisiones |
| 650 | \ | \ | |a Parm̀etros |
| 650 | \ | \ | |a Restricciones |
| 650 | \ | \ | |a Optimization |
| 650 | \ | \ | |a Production process |
| 650 | \ | \ | |a Objective function |
| 650 | \ | \ | |a Decision making |
| 650 | \ | \ | |a Parameters |
| 650 | \ | \ | |a Constraints |
| 700 | \ | \ | |a Virtual Plant |
| 856 | |z Gua̕ - Laboratorio de optimizacin̤ |u https://virtualpro.unach.elogim.com/biblioteca/guia---laboratorio-de-optimizacion | ||